000 00243nam a2200097Ia 4500
001 747730
005 20250826164401.0
008 250824s9999 xx 000 0 und d
245 0 _aGAİPTEN SESLER
_cKAYAHAN DEMİR
260 _bCARPEDİEM YAYINLARI
999 _c747730
_d747730